Statistics for Formula 1 Drivers 2013

Click here to take the quiz!

General Stats

  • This quiz has been taken 2,404 times
    (2,165 since last reset)
  • The average score is 17 of 22

Answer Stats

Number Team Country of Origin Answer % Correct
1Red Bull RacingGermanySebastian Vettel
99%
10MercedesUnited KingdomLewis Hamilton
99%
3FerrariSpainFernando Alonso
98%
4FerrariBrazilFelipe Massa
96%
5MclarenUnited KingdomJenson Button
96%
2Red Bull RacingAustraliaMark Webber
95%
9MercedesGermanyNico Rosberg
94%
6MclarenMexicoSergio Perez
91%
7LotusFinlandKimi Raikkonen
87%
8LotusFranceRomain Grosjean
83%
19Toro RossoAustraliaDaniel Ricciardo
82%
16WilliamsVenezuelaPastor Maldonado
79%
17WilliamsFinlandValtteri Bottas
77%
11SauberGermanyNico Hulkenberg
76%
15Force IndiaGermanyAdrian Sutil
65%
14Force IndiaUnited KingdomPaul di Resta
64%
22MarussiaFranceJules Bianchi
63%
23MarussiaUnited KingdomMax Chilton
60%
18Toro RossoFranceJean-Eric Vergne
59%
12SauberMexicoEsteban Gutiérrez
54%
20CaterhamFranceCharles Pic
49%
21CaterhamNetherlandsGiedo van der Garde
44%

Score Distribution

Percentile by Number Answered

Percent of People with Each Score

Your Score History

You have not taken this quiz since the last reset